Education in Japan: a source book
Guardat en:
| Autors principals: | , |
|---|---|
| Format: | Llibre |
| Idioma: | anglès |
| Publicat: |
Nueva York
Garland Publishing
1989
|
| Col·lecció: | Reference books in international education, 5
|
| Matèries: | |
| Etiquetes: |
Afegir etiqueta
Sense etiquetes, Sigues el primer a etiquetar aquest registre!
|
MARC
| LEADER | 00000nam a2200000 a 4500 | ||
|---|---|---|---|
| 001 | UCY5284 | ||
| 003 | CL-VaPUC | ||
| 008 | 950421e19890000US |||||||||||||||||eng|d | ||
| 082 | 0 | 4 | |a 370.16 |b BEA |2 21 |
| 100 | 0 | |a Beauchamp, Edward R |e author |9 333976 | |
| 700 | 0 | |a Rubinger, Richard |e author |9 333977 | |
| 245 | 1 | 0 | |a Education in Japan: a source book |
| 300 | |a 300 p | ||
| 942 | |c BK | ||
| 945 | |d 19950421 00:00:00 |a rbrito | ||
| 260 | |a Nueva York |b Garland Publishing |c 1989 | ||
| 650 | 0 | |a Educación |9 258661 | |
| 650 | 7 | |a BIBLIOGRAFIA |2 CL-VaPUC |9 256175 | |
| 651 | 0 | |a Japón |9 260391 | |
| 583 | |a last modification |c 19950421 00:00:00 |k Rodrigo Vera | ||
| 490 | 0 | |a Reference books in international education, 5 | |
| 999 | |c 232977 |d 232975 | ||
| 952 | |0 0 |1 0 |4 0 |6 370_160000000000000_BEA_1989 |7 0 |8 P |9 238004 |a BIBEDU |b BIBEDU |c BIBEDU_PB |d 2019-11-18 |i 3079139 |o 370.16 BEA 1989 |p 3079139 |r 2024-01-25 |w 2019-11-18 |y BK |k EDU | ||